|
|
|
|
| LEADER |
00000nam a22000007a 4500 |
| 005 |
20180417205818.0 |
| 007 |
cr|||| ||| |
| 008 |
180417s2018 mx |||||s|||| 00||0 spa d |
| 020 |
|
|
|a 978-607-541-007-4
|
| 035 |
|
|
|a 21344
|
| 040 |
|
|
|a vLex
|
| 090 |
|
|
|c 7772
|d 7772
|
| 100 |
1 |
|
|a Luna Guerra, Antonio
|
| 245 |
1 |
0 |
|a Marco jurd̕ico, fiscal y contable de los intangibles 2018
|h [Recurso electrn̤ico] /
|c Antonio Luna Guerra
|
| 256 |
|
|
|a Servicio en ln̕ea
|
| 260 |
|
|
|a Ciudad de Mx̌ico:
|b Ediciones Fiscales ISEF,
|c 2018
|
| 300 |
|
|
|a 1 recurso electrn̤ico
|
| 500 |
|
|
|a Marco Jurd̕ico, Fiscal y Contable de los INTANGIBLES nos presenta un panorama de conocimiento del tema dada la situacin̤ que hoy en da̕ deben afrontar las empresas; es necesario que se tenga un valor agregado como lo son los INTANGIBLES. Conozca a travš de ella el tratamiento contable, jurd̕ico y fiscal de los INTANGIBLES para su debida aplicacin̤.
|
| 506 |
1 |
|
|a Disponible solo en los productos indicados
|d vLex Global
|d vLex Global (Academic Edition, excluding Law Schools)
|d vLex Global (U.S. Academic Edition, Law Schools)
|d vLex Global (U.S. Academic Edition, excluding Law Schools)
|d vLex Global (Academic Edition, Law Schools)
|
| 650 |
0 |
4 |
|a Derecho Fiscal
|z Mx̌ico
|
| 740 |
0 |
|
|a vLex Libros (Servicio en ln̕ea)
|
| 856 |
4 |
0 |
|u http://vlex.com/source/marco-juridico-fiscal-y-contable-de-los-intangibles-2018-21344
|z Acceso restringido
|
| 942 |
|
|
|c BOOK
|
| 999 |
0 |
|
|a Tax Law
|